000 00432 a2200169 4500
003 Nust
005 20230306130645.0
040 _cNust
082 _a297.55,FAT
100 _aAbul Aziz , Muhammad Bin
_9109881
245 _aFathwa Bary- i -Khwatteen /
_cMuhammad Bin Abdul Aziz,
260 _aLahore
_bDaruslam
300 _a373: p
600 _aAbul Aziz Bin Abdullah
_9109882
650 _aIslam
942 _2ddc
_cBK
_k297.55,FAT
999 _c179768
_d179768